Top 300 Girls' Names Containing 'EN' (2018) Quiz Stats

 Plays Quiz not verified by Sporcle

Score 0/300 Timer 20:00
0 Plays Today
Starts with Name % Correct
PPenelope
95.7%
JJennifer
90.8%
JJenna
90.8%
JJenny
86.5%
PPenny
85.3%
EElena
84.7%
EEllen
82.8%
LLena
82.2%
HHelen
81%
JJennie
81%
VVivien
79.1%
SSeren
79.1%
GGenevieve
76.7%
AAlena
76.7%
LLauren
76.1%
KKaren
76.1%
KKendra
75.5%
VVivienne
73.6%
HHelena
73%
KKennedy
71.8%
XXimena
71.8%
KKendal
71.8%
VValentina
70.6%
KKendall
70.6%
MMackenzie
69.9%
SSienna
69.9%
RRen
69.9%
SSerena
69.3%
SSerenity
68.1%
KKenna
68.1%
MMarlen
67.5%
GGenesis
66.9%
JJayden
66.9%
MMckenzie
65.6%
SSelena
65%
KKenzi
64.4%
LLoren
64.4%
MMckenna
63.8%
KKayden
63.8%
KKenzie
63.2%
WWendy
62.6%
BBrenda
62%
MMarlene
62%
KKaylen
62%
HHayden
61.3%
GGwen
60.7%
HHeaven
60.1%
EEileen
60.1%
GGwendolyn
58.9%
BBrenna
58.9%
MMakenzi
58.9%
MMakenzie
58.3%
MMakenna
57.7%
KKennedi
57.1%
QQueen
57.1%
CCayden
57.1%
VValentine
57.1%
MMaren
56.4%
AAdrienne
56.4%
RRena
55.8%
JJaden
55.8%
EEden
55.2%
SSiena
55.2%
DDarlene
55.2%
HHaven
54.6%
IIrene
54.6%
JJaylen
54.6%
KKathleen
54%
KKenley
54%
ZZena
54%
WWren
53.4%
KKristen
53.4%
DDenise
52.8%
CCharlene
52.8%
JJaiden
52.8%
AArlene
52.1%
AAileen
51.5%
KKaiden
50.9%
DDena
50.3%
XXena
49.7%
JJena
49.7%
MMackenna
49.1%
VVienna
48.5%
MMarlena
47.9%
HHenley
45.4%
SSerene
44.8%
KKenlee
44.2%
RRaven
43.6%
KKirsten
43.6%
KKensley
42.9%
PPayten
42.9%
CCadence
42.3%
LLorena
42.3%
MMaureen
42.3%
CCarmen
41.7%
HHaiden
41.7%
JJolene
40.5%
KKaydence
40.5%
KKadence
40.5%
KKenzy
39.9%
Starts with Name % Correct
CCheyenne
39.3%
SSelene
38.7%
RRowen
38.7%
CCaydence
38.7%
CColleen
38%
RRenee
37.4%
EEllena
37.4%
KKenya
36.8%
KKenslee
36.8%
JJimena
36.2%
TTenley
36.2%
KKenleigh
36.2%
LLenna
35.6%
GGretchen
35%
KKensleigh
35%
AAmen
35%
AAthena
33.1%
RRaylen
33.1%
MMagdalena
32.5%
MMakena
32.5%
BBentley
32.5%
JJayleen
31.9%
JJaylene
31.9%
KKaidence
31.9%
LLeen
31.9%
AAleen
31.9%
SSereniti
31.3%
LLeena
30.7%
MMagdalene
30.7%
KKendyl
30.7%
HHenrietta
30.7%
KKensli
30.7%
AAyden
30.7%
HHenlee
30.7%
AAmena
30.7%
AAleena
30.1%
AAyleen
30.1%
KKayleen
30.1%
LLeni
30.1%
KKenslie
30.1%
CCaidence
30.1%
AArden
29.4%
AAspen
28.8%
JJenesis
28.8%
GGeneva
28.8%
KKaylene
28.8%
KKarmen
27.6%
AAylen
27.6%
CCienna
27%
LLennon
26.4%
VValencia
26.4%
MMalena
26.4%
AAven
26.4%
DDeena
26.4%
FFlorence
25.8%
CCamden
25.8%
XXenia
25.8%
MMilena
25.2%
SSenna
25.2%
KKensie
25.2%
RRenata
23.9%
EEleni
23.9%
LLennox
23.3%
LLenora
23.3%
BBrenley
23.3%
EEmersen
23.3%
HHeavenly
22.7%
GGwenyth
22.7%
JJoleen
22.1%
KKenzley
21.5%
LLenore
21.5%
SSena
21.5%
BBentlee
21.5%
KKennady
21.5%
RRylen
21.5%
MMaven
20.9%
GGracen
20.9%
BBrenlee
20.9%
BBelen
20.2%
MMeena
20.2%
KKenia
19.6%
BBennett
19.6%
MMaylen
19.6%
KKenzlee
19%
KKenzlie
19%
JJenevieve
19%
EEna
19%
ZZendaya
18.4%
JJenelle
18.4%
CCarsen
18.4%
CClementine
17.8%
YYesenia
17.8%
KKennadi
17.8%
HHellen
17.8%
KKenzleigh
17.8%
KKiersten
17.2%
HHayven
17.2%
IImogen
16.6%
YYasmeen
16.6%
AAmeena
16.6%
Starts with Name % Correct
KKalena
16.6%
KKarsen
16.6%
PPhoenix
16%
KKensington
16%
PPatience
16%
PPrudence
16%
AArleen
16%
HHaylen
16%
EEleen
15.3%
HHensley
14.7%
HHarleen
14.7%
GGraysen
14.7%
EEnsley
14.1%
KKeren
13.5%
AAusten
13.5%
AAdilene
12.9%
VVenus
12.9%
HHennessy
12.9%
JJazleen
12.9%
LLenox
12.9%
AArwen
12.3%
SSeven
12.3%
SSpencer
11.7%
JJensen
11.7%
YTaylen
11.7%
SSoren
11.7%
JJasleen
11%
IImogene
11%
KKenadi
11%
LLaken
10.4%
LLinden
10.4%
RRenley
10.4%
TTeagen
10.4%
DDenver
9.8%
RRenae
9.8%
EEugenia
9.8%
RRenesmee
9.2%
MMillicent
9.2%
JJennah
9.2%
WWrenley
8.6%
HHendrix
8.6%
KKenadee
8.6%
KKenza
8%
JJaslene
8%
YYessenia
8%
EEssence
7.4%
DDenisse
7.4%
PPhilomena
7.4%
LLaiken
7.4%
MMadden
7.4%
GGwenevere
7.4%
EEnslee
7.4%
GGenessis
7.4%
KKenzington
7.4%
GGentry
6.7%
MMileena
6.7%
AAbilene
6.7%
GGentry
6.7%
RRaiven
6.7%
LLayken
6.7%
SSirena
6.7%
JJelena
6.7%
MMailen
6.7%
ZZenobia
6.7%
JJenavieve
6.7%
ZZelena
6.7%
KKaleena
6.7%
CCerenity
6.1%
JJessenia
6.1%
RRosaleen
6.1%
MMylene
6.1%
BBerenice
5.5%
AAmeenah
5.5%
DDenali
4.9%
KKendalyn
4.9%
RRenly
4.9%
AAdalena
4.9%
EElowen
4.3%
DDenim
4.3%
MMaleni
4.3%
JJensyn
4.3%
LLynden
4.3%
DDaenerys
3.7%
AAyven
3.7%
PPhoenyx
3.7%
TTenzin
3.7%
HHaneen
3.7%
EEnzley
3.7%
KKendalynn
3.7%
LLavender
3.1%
TTaleen
3.1%
TTeigen
3.1%
AAzucena
3.1%
LLumen
3.1%
AAzeneth
2.5%
JJhene
2.5%
MMazikeen
2.5%
ZZenaida
2.5%
LLegend
1.8%
MMarleny
1.8%

You're not logged in!

Compare scores with friends on all Sporcle quizzes.
OR
Log In

Show Comments

Extras

Top Quizzes Today


Score Distribution

Your Account Isn't Verified!

In order to create a playlist on Sporcle, you need to verify the email address you used during registration. Go to your Sporcle Settings to finish the process.

Report this User

Report this user for behavior that violates our Community Guidelines.

Details: